000
00331nam a2200121 a 4500
005
20140414093847.0
008
100223s19uu xx uuu eng d
050
_a
CDB 371.2
_b
USI 2005
245
_a
Using writing to learn across the content areas.
650
_a
Curriculum
_x
Study and teaching.
942
_c
AVM
999
_c
109642
_d
109642